International political economy

Uloženo v:
Podrobná bibliografie
Hlavní autor: CHOUDHARY, Vidya Kumar
Médium: Kniha
Jazyk:angličtina
Vydáno: Ane Books 2018
Tagy: Přidat tag
Žádné tagy, Buďte první, kdo vytvoří štítek k tomuto záznamu!

MARC

LEADER 00000nam a22000007a 4500
008 210902b ||||| |||| 00| 0 eng d
020 |a 9789386761156 
100 |a CHOUDHARY, Vidya Kumar 
245 |a International political economy  |c Vidya Kumar Choudhary  |g vi, 280p.:ill. 
260 |b Ane Books  |c 2018  |h New Delhi  |i 697000  |i 697001  |l HF1359.Ch45  |m International economic relations 
500 |a It includes bibliography and index 
942 |a lcc  |c BK  |e Kuteyi, M. A.  |f 2/9/2021 
952 |0 0  |1 0  |2 lcc  |4 0  |6 HF1359 C H45  |7 0  |9 3349  |a HOL  |b HOL  |c GJ  |d 2021-09-02  |l 0  |o HF1359.Ch45  |p 2021-67060  |r 2021-09-02 00:00:00  |w 2021-09-02  |y BK 
952 |0 0  |1 0  |2 lcc  |4 0  |6 HF1359 C H45  |7 0  |9 3350  |a HOL  |b MPL  |c GJ  |d 2021-09-02  |l 0  |o HF1359.Ch45  |p 2021-67061  |r 2021-09-02 00:00:00  |w 2021-09-02  |y BK 
999 |c 1669  |d 1669